000
00261nam a22001217a 4500
008
180605b xxu||||| |||| 00| 0 eng d
041
_a
eng
080
_a
043.3
100
_a
0
101
_a
MBE-BA
245
_a
Project Management
_c
Fetahu, V
942
_2
udc
_c
BK
999
_c
46335
_d
46335